[Event "AUTO-OPEN-1866"]
[Site "http://www.queenalice.com/game.php?id=725686"]
[Date "2010.2.4"]
[Round "1"]
[White "ferrari"]
[Black "P_E_D_R_O"]
[Result "1-0"]
[WhiteElo "1650"]
[BlackElo "1511"]

1. e4 e5 2. Nf3 Nc6 3. d4 d6 4. dxe5 dxe5 5. Qxd8+ Kxd8 6. Bc4 f6 7. O-O Na5 8.
Rd1+ Bd7 9. Be6 Kc8 10. Bxd7+ Kb8 11. Be6 Nh6 12. Rd8# 1-0

[Event "AUTO-OPEN-1866"]
[Site "http://www.queenalice.com/game.php?id=725687"]
[Date "2010.2.4"]
[Round "1"]
[White "P_E_D_R_O"]
[Black "ferrari"]
[Result "0-1"]
[WhiteElo "1517"]
[BlackElo "1660"]

1. e4 c5 2. Bc4 Nc6 3. Qf3 Ne5 4. Qf4 Nxc4 5. d3 e5 6. Qf3 Nd6 7. Ne2 Be7 8.
Nbc3 Nf6 9. Ng3 O-O 10. Bg5 Nb5 11. Nxb5 Qb6 12. c4 a6 13. Bxf6 Bxf6 14. Nh5
axb5 15. Qg4 d5 16. cxb5 Bxg4 17. Nxf6+ Qxf6 18. O-O Be2 19. exd5 Bxf1 20. Rxf1
Rxa2 21. b3 Rfa8 22. h3 Rxf2 23. Rxf2 Ra1+ 24. Kh2 Qxf2 25. h4 Rg1 26. Kh3 Qxg2#
0-1

[Event "AUTO-OPEN-1866"]
[Site "http://www.queenalice.com/game.php?id=725716"]
[Date "2010.2.4"]
[Round "1"]
[White "P_E_D_R_O"]
[Black "acm_chessmaster"]
[Result "0-1"]
[WhiteElo "1498"]
[BlackElo "1820"]

1. e4 e5 2. Nf3 d6 3. Bc4 h6 4. Nc3 c6 5. O-O Bg4 6. h3 Bxf3 7. Qxf3 Qf6 8. Qxf6
Nxf6 9. d3 Be7 10. f4 exf4 11. Bxf4 O-O 12. Rf3 a5 13. Rg3 Nh5 14. Rf3 Nxf4 15.
Rxf4 Bg5 16. Rf3 b5 17. Bxb5 cxb5 18. Nxb5 Be7 19. Raf1 f6 20. Nc7 Ra7 21. Ne6
Rf7 22. Rg3 Nc6 23. c3 Ne5 24. Rf4 Kh7 25. d4 g5 26. Rf5 Ng6 27. e5 dxe5 28.
dxe5 Ra6 29. Nxg5+ hxg5 30. Re3 Bc5 31. b4 Bxe3+ 32. Kh2 Nxe5 33. a4 axb4 34.
cxb4 Rxa4 35. g4 Bf4+ 36. Kg2 Rxb4 37. Rxe5 fxe5 38. Kf3 Rd7 39. Kf2 Rb3 40. Kg2
Rd2+ 41. Kh1 Rb1# 0-1

[Event "AUTO-OPEN-1866"]
[Site "http://www.queenalice.com/game.php?id=725717"]
[Date "2010.2.4"]
[Round "1"]
[White "acm_chessmaster"]
[Black "P_E_D_R_O"]
[Result "1-0"]
[WhiteElo "1755"]
[BlackElo "1528"]

1. e4 e5 2. Bc4 Nf6 3. d3 Bc5 4. Qf3 O-O 5. Qg3 Nh5 6. Qg4 Qf6 7. Nf3 g6 8. Qh4
Qb6 9. O-O Bd4 10. c3 Bc5 11. Nxe5 Qf6 12. Qxf6 Nxf6 13. Bh6 Re8 14. Bxf7+ Kh8
15. Bxe8 Nxe8 16. Nd2 d6 17. Nb3 Nc6 18. Nxc6 bxc6 19. Nxc5 Nf6 20. Nb3 Bb7 21.
Rfe1 Rf8 22. Bxf8 Kg8 23. Bh6 Ng4 24. Bf4 h6 25. h3 g5 26. hxg4 c5 27. Bh2 Kg7
28. e5 dxe5 29. Bxe5+ Kf7 30. Bxc7 Kg7 31. Nxc5 Bd5 32. Re7+ Kg6 33. Be5 a5 34.
Rg7# 1-0

[Event "AUTO-OPEN-1866"]
[Site "http://www.queenalice.com/game.php?id=725718"]
[Date "2010.2.4"]
[Round "1"]
[White "P_E_D_R_O"]
[Black "astrologo"]
[Result "0-1"]
[WhiteElo "1519"]
[BlackElo "2087"]

1. e4 Nf6 2. Nc3 Nc6 3. Nf3 d6 4. Bc4 g6 5. Ng5 Ne5 6. Bb3 h6 7. Nxf7 Nxf7 8.
Bxf7+ Kxf7 9. O-O Bg7 10. f4 Kg8 11. d4 Kh7 12. e5 dxe5 13. fxe5 Nd5 14. Qf3
Nxc3 15. Qxc3 Bf5 16. h3 c6 17. g4 Be6 18. Qe3 Qd5 19. g5 h5 20. b3 Rhf8 21.
Rxf8 Rxf8 22. Ba3 Rf3 23. Qd2 Bxe5 24. c4 Bxd4+ 25. Kh1 Rxh3# 0-1

[Event "AUTO-OPEN-1866"]
[Site "http://www.queenalice.com/game.php?id=725719"]
[Date "2010.2.4"]
[Round "1"]
[White "astrologo"]
[Black "P_E_D_R_O"]
[Result "1-0"]
[WhiteElo "2099"]
[BlackElo "1525"]

1. e4 e5 2. Nc3 Nf6 3. Bc4 d6 4. d3 Nc6 5. f4 Be7 6. f5 O-O 7. Nf3 h6 8. h3 Nb4
9. a3 Nc6 10. g4 a6 11. Be3 b5 12. Ba2 Bb7 13. Qd2 Na5 14. O-O-O c5 15. g5 hxg5
16. Nxg5 Nh7 17. Nxh7 Kh8 18. Nxf8 Qxf8 19. Nd5 Bxd5 20. Bxd5 Rb8 21. Qxa5 Qc8
22. Bxf7 c4 23. dxc4 bxc4 24. h4 Qb7 25. Qc3 Qb5 26. h5 Kh7 27. Rdg1 Rf8 28.
Bxc4 Qc6 29. Bg8+ Kxg8 30. Qxc6 a5 31. h6 g5 32. fxg6 Rf3 33. h7+ Kh8 34. g7#
1-0

[Event "AUTO-INT-1600"]
[Site "http://www.queenalice.com/game.php?id=725912"]
[Date "2010.2.4"]
[Round "1"]
[White "smosbeck"]
[Black "P_E_D_R_O"]
[Result "0-1"]
[WhiteElo "1326"]
[BlackElo "1488"]

1. c4 e5 2. Nc3 Nf6 3. d4 Bb4 4. dxe5 Ne4 5. Qd4 Ng5 6. f4 Ne6 7. Qe4 O-O 8. Be3
f5 9. Qf3 d6 10. Rd1 Nc6 11. a3 Bxc3+ 12. bxc3 Qe7 13. Qh5 Qf7 14. Qh4 dxe5 15.
Bc5 Nxc5 16. Rd5 b6 17. Rd2 Ba6 18. e3 exf4 19. exf4 Ne4 20. Rd1 Bxc4 21. Be2
Bxe2 22. Nxe2 Rae8 23. g4 fxg4 24. h3 Nxc3 25. hxg4 Qxf4 26. Rd7 Rxe2# 0-1

[Event "AUTO-INT-1600"]
[Site "http://www.queenalice.com/game.php?id=725913"]
[Date "2010.2.4"]
[Round "1"]
[White "P_E_D_R_O"]
[Black "smosbeck"]
[Result "1-0"]
[WhiteElo "1517"]
[BlackElo "1317"]

1. e4 e5 2. Nf3 Nc6 3. Bc4 d6 4. Nc3 Nf6 5. Ng5 Be6 6. Nxe6 fxe6 7. Bxe6 Nd4 8.
Bd5 Nxd5 9. exd5 Be7 10. Ne4 O-O 11. c3 Nb5 12. d4 Bf6 13. Qg4 Bh4 14. g3 Bf6
15. O-O c6 16. Bh6 exd4 17. dxc6 Be5 18. Qe6+ Rf7 19. Bg5 Qc7 20. f4 Bf6 21.
Bxf6 gxf6 22. Nxf6+ Kg7 23. Nh5+ Kf8 24. cxb7 Qxb7 25. Qh6+ Ke7 26. Rae1+ Kd7
27. Qe6+ Kc6 28. Qc4+ Kb6 29. a4 Qa6 30. axb5 Qb7 31. Re6 Rd7 32. Ra1 a5 33. Ra3
dxc3 34. bxc3 Ka7 35. Rxa5+ Kb8 36. Re8+ 1-0

[Event "AUTO-INT-1600"]
[Site "http://www.queenalice.com/game.php?id=725926"]
[Date "2010.2.4"]
[Round "1"]
[White "ferrari"]
[Black "P_E_D_R_O"]
[Result "1-0"]
[WhiteElo "1725"]
[BlackElo "1541"]

1. Nf3 d5 2. g3 Nf6 3. Bg2 Nc6 4. O-O e5 5. d3 Be7 6. Re1 O-O 7. e4 dxe4 8. dxe4
Bg4 9. Qxd8 Raxd8 10. Nc3 Nb4 11. Re2 Nc6 12. Be3 Rd7 13. Rd2 Rxd2 14. Bxd2 Bxf3
15. Bxf3 Nd4 16. Bd1 Rd8 17. Be3 Nc6 18. Bf3 Nd4 19. Bxd4 exd4 20. Nb5 d3 21.
cxd3 Rxd3 22. Bg2 Rd2 23. Nxc7 Bc5 24. Rf1 Rxb2 25. Nd5 Nxd5 26. exd5 Rxa2 27.
d6 b5 28. d7 Rd2 29. Bc6 a6 30. Kg2 Kf8 31. Kh3 Ke7 32. Re1+ Kd8 33. Re8+ Kc7
34. Rc8+ Kd6 35. d8=Q+ Ke6 36. Qxd2 Kf6 37. Qc3+ Kg6 38. Qxc5 f5 39. Be8+ Kh6
40. Rc6+ g6 41. Qf8+ Kg5 42. f4+ Kh5 43. Bxg6+ hxg6 44. Qh8# 1-0

[Event "AUTO-INT-1600"]
[Site "http://www.queenalice.com/game.php?id=725927"]
[Date "2010.2.4"]
[Round "1"]
[White "P_E_D_R_O"]
[Black "ferrari"]
[Result "0-1"]
[WhiteElo "1537"]
[BlackElo "1746"]

1. e4 e5 2. Nf3 Nc6 3. Bc4 Bc5 4. Nc3 Nf6 5. Ng5 O-O 6. O-O Na5 7. Be2 d5 8. d3
dxe4 9. dxe4 Qxd1 10. Rxd1 Bd7 11. Rb1 Nc6 12. Nb5 Bb6 13. Be3 Bxe3 14. fxe3
Rac8 15. Nc3 h6 16. Nf3 a6 17. Nd5 Nxe4 18. Bd3 Nc5 19. b4 Nxd3 20. cxd3 Be6 21.
Nc3 Bg4 22. Rf1 Rcd8 23. h3 Bxf3 24. Rxf3 Rxd3 25. e4 Rd2 26. Nd5 Nd4 27. Rf5
Nxf5 28. exf5 Rxd5 29. Rc1 c6 30. a3 Rfd8 31. Kh2 Rd2 32. Rf1 Ra2 33. Re1 Rdd2
34. Rg1 Rxa3 35. h4 Rb3 36. h5 Rxb4 37. Kh3 Rb3+ 38. Kh2 Rbb2 39. Kh3 a5 0-1

[Event "AUTO-INT-1600"]
[Site "http://www.queenalice.com/game.php?id=725936"]
[Date "2010.2.4"]
[Round "1"]
[White "P_E_D_R_O"]
[Black "chyco"]
[Result "0-1"]
[WhiteElo "1521"]
[BlackElo "1683"]

1. e4 e5 2. Nf3 Qf6 3. Nc3 Nh6 4. d3 Ng4 5. h3 Nh6 6. Bg5 Qb6 7. Rb1 f6 8. Bxh6
gxh6 9. Nd5 Qc6 10. d4 Bd6 11. Nxf6+ Ke7 12. Nd5+ Kd8 13. Nh4 Qa4 14. dxe5 Qxe4+
15. Be2 Qxe5 16. Nf3 Qe6 17. O-O Rg8 18. Nf4 Bxf4 19. Nd4 Qxh3 20. g3 Bxg3 21.
Nf3 Bf4+ 22. Ng5 Qh2# 0-1

[Event "AUTO-INT-1600"]
[Site "http://www.queenalice.com/game.php?id=725937"]
[Date "2010.2.4"]
[Round "1"]
[White "chyco"]
[Black "P_E_D_R_O"]
[Result "0-1"]
[WhiteElo "1702"]
[BlackElo "1495"]

1. e4 e5 2. Qf3 d5 3. exd5 Nf6 4. c4 e4 5. Qc3 c6 6. Ne2 Be7 7. f3 cxd5 8. fxe4
dxe4 9. Qg3 O-O 10. Nf4 Ng4 11. h3 Bh4 12. hxg4 Bxg3+ 13. Ke2 Bxf4 14. Nc3 Qd3+
15. Kd1 Qd7 16. Nxe4 Rd8 17. Be2 b6 18. Rh4 Bb7 19. g5 Bxe4 20. Rxf4 Bxg2 21.
Bg4 Qd6 22. Rf2 Qg3 23. Rxg2 Qxg2 24. Kc2 Qxg4 25. b3 Qxg5 26. d3 Qg3 27. Kb2
Rxd3 28. Ka3 Nc6 29. Bb2 a5 30. Rf1 a4 31. Rf5 axb3+ 0-1

[Event "AUTO-OPEN-1930"]
[Site "http://www.queenalice.com/game.php?id=753873"]
[Date "2010.3.30"]
[Round "1"]
[White "MSouza"]
[Black "P_E_D_R_O"]
[Result "1-0"]
[WhiteElo "2001"]
[BlackElo "1529"]

1. e4 e5 2. Bc4 d6 3. Nf3 h6 4. d4 Nd7 5. Nc3 Qe7 6. Nd5 Qd8 7. O-O c6 8. Nc3
Ngf6 9. dxe5 dxe5 10. Bxf7+ Kxf7 11. Nxe5+ Kg8 12. Ng6 Rh7 13. e5 Qe8 14. Nxf8
Qxf8 15. exf6 Qxf6 16. Re1 Nb6 17. Ne4 Qd8 18. Qxd8+ Kf7 19. Nd6+ Kg6 20. Qe8+
Kf6 21. Qf7# 1-0

[Event "AUTO-OPEN-1930"]
[Site "http://www.queenalice.com/game.php?id=753874"]
[Date "2010.3.30"]
[Round "1"]
[White "P_E_D_R_O"]
[Black "MSouza"]
[Result "0-1"]
[WhiteElo "1541"]
[BlackElo "2016"]

1. e4 e6 2. Nf3 d5 3. Bd3 Nf6 4. c4 dxe4 5. Bxe4 Nxe4 6. b4 Bxb4 7. a3 Be7 8.
Qe2 Nc5 9. O-O Nb3 10. Ra2 Nxc1 11. Rxc1 Nc6 12. Nc3 Nd4 13. Nxd4 Qxd4 14. Nb5
Qd8 15. Nc3 Bd7 16. Rb1 Bc6 17. Rab2 Bf6 18. Ne4 Bxb2 19. Rxb2 Bxe4 20. Qxe4 Qf6
21. Qxb7 O-O 22. Qxc7 Qxb2 23. h3 Qxd2 24. Kh2 Qxf2 25. c5 Rad8 26. Qxa7 Rd2 27.
c6 Qxg2# 0-1

[Event "AUTO-OPEN-1930"]
[Site "http://www.queenalice.com/game.php?id=753903"]
[Date "2010.3.30"]
[Round "1"]
[White "P_E_D_R_O"]
[Black "Givanildo"]
[Result "1-0"]
[WhiteElo "1518"]
[BlackElo "1399"]

1. e4 e5 2. Nf3 Bd6 3. Bc4 h6 4. d4 Nc6 5. d5 Nd4 6. Nxd4 exd4 7. Qxd4 f6 8. Nc3
a6 9. O-O b6 10. Re1 Be5 11. Qd3 d6 12. f4 Bxc3 13. Qxc3 b5 14. Bb3 Bg4 15. Qc6+
Bd7 16. Qc3 Ne7 17. Bd2 Rb8 18. a4 b4 19. Qc4 c5 20. Qxa6 f5 21. exf5 Bxf5 22.
Re2 O-O 23. Rae1 Bc8 24. Qa7 Bd7 25. Rxe7 Rc8 26. Rxd7 Qf6 27. Ree7 Qd4+ 28. Be3
Qd1+ 29. Kf2 Rxf4+ 30. Bxf4 Qd4+ 31. Kg3 Kh7 32. Rxg7+ Qxg7+ 33. Rxg7+ Kh8 34.
Rh7+ Kg8 35. Qg7# 1-0

[Event "AUTO-OPEN-1930"]
[Site "http://www.queenalice.com/game.php?id=753904"]
[Date "2010.3.30"]
[Round "1"]
[White "Givanildo"]
[Black "P_E_D_R_O"]
[Result "0-1"]
[WhiteElo "1392"]
[BlackElo "1507"]

1. e3 e5 2. Qh5 d6 3. Bc4 g6 4. Bxf7+ Kxf7 5. Qf3+ Kg7 6. g4 Qf6 7. Qxf6+ Nxf6
8. f3 Nc6 9. c3 Be6 10. b3 e4 11. f4 Bxg4 12. h3 Bf3 13. Bb2 Bxh1 14. c4 Be7 15.
Nc3 Rhe8 16. Ke2 Nb4 17. h4 Nd3 18. Rb1 Nxb2 19. Rxb2 Rad8 20. Nh3 Bg2 21. Ng5
Ng4 22. Ne6+ Kf7 23. Nxc7 Rf8 24. N3d5 Bf3+ 25. Kf1 Bxh4 26. f5 Nh2+ 27. Kg1 Bg3
28. fxg6+ hxg6 29. Nb5 Rh8 30. c5 Ng4 31. Nxd6+ Rxd6 32. cxd6 Rh1# 0-1

[Event "AUTO-OPEN-1930"]
[Site "http://www.queenalice.com/game.php?id=753905"]
[Date "2010.3.30"]
[Round "1"]
[White "P_E_D_R_O"]
[Black "Jorac"]
[Result "0-1"]
[WhiteElo "1426"]
[BlackElo "1903"]

1. e4 c5 2. Bc4 d6 3. Nf3 e6 4. d4 cxd4 5. Nxd4 Nf6 6. Nc3 Be7 7. O-O O-O 8. Bg5
Qc7 9. Bxf6 Bxf6 10. Be2 a6 11. Qd3 Nc6 12. Nxc6 bxc6 13. f4 Qb6+ 14. Kh1 Qxb2
15. Na4 Qb4 16. Qb3 Qxb3 17. cxb3 Bxa1 18. Rxa1 Bb7 19. Rd1 d5 20. exd5 cxd5 21.
Rc1 Rfc8 22. Rxc8+ Rxc8 23. h3 d4 24. Bd3 f5 25. Nb6 Rc3 0-1

[Event "AUTO-OPEN-1930"]
[Site "http://www.queenalice.com/game.php?id=753906"]
[Date "2010.3.30"]
[Round "1"]
[White "Jorac"]
[Black "P_E_D_R_O"]
[Result "1-0"]
[WhiteElo "1905"]
[BlackElo "1424"]

1. e4 e5 2. Nf3 d6 3. Bc4 h6 4. d4 Nd7 5. dxe5 dxe5 6. Qd5 Qe7 7. O-O c6 8. Qd1
Ngf6 9. Re1 Qc5 10. Bb3 Bd6 11. Be3 Qb5 12. Qxd6 Qa5 13. Nc3 Qd8 14. Rad1 Qe7
15. Qxe7+ Kxe7 16. Rd3 b6 17. Red1 Rd8 18. Nxe5 a6 19. Nxc6+ Ke8 20. Nxd8 Kxd8
21. Bxb6+ Ke7 22. Bc7 Ne5 23. Bxe5 Ra7 24. Rd8 Bg4 25. f3 Bh5 26. Bxf6+ Kxf6 27.
Kf2 1-0

[Event "AUTO-INT-1657"]
[Site "http://www.queenalice.com/game.php?id=753964"]
[Date "2010.3.30"]
[Round "1"]
[White "dorszu"]
[Black "P_E_D_R_O"]
[Result "1-0"]
[WhiteElo "1605"]
[BlackElo "1523"]

1. e4 e5 2. Nf3 d6 3. Bc4 h6 4. O-O Nf6 5. h3 Nxe4 6. d3 Nf6 7. Re1 Nc6 8. Nc3
Ke7 9. Nd5+ Nxd5 10. Bxd5 Be6 11. Ng5 hxg5 12. Bxg5+ f6 13. Bxe6 Kxe6 14. Qg4+
Ke7 15. Bh4 g5 16. Bg3 Bg7 17. f4 Kf7 18. fxg5 fxg5 19. Rf1+ Kg6 20. Be1 Qc8 21.
Qg3 Bf6 22. Rf3 Qe6 23. Qf2 Rhf8 24. g3 Qxh3 25. Qh2 Qxh2+ 26. Kxh2 g4 27. Rf2
1-0

[Event "AUTO-INT-1657"]
[Site "http://www.queenalice.com/game.php?id=753965"]
[Date "2010.3.30"]
[Round "1"]
[White "P_E_D_R_O"]
[Black "dorszu"]
[Result "0-1"]
[WhiteElo "1510"]
[BlackElo "1618"]

1. e4 e6 2. Nf3 c5 3. Bc4 a6 4. O-O b5 5. Be2 Bb7 6. e5 Bxf3 7. Bxf3 Nc6 8. Re1
Rc8 9. d3 Be7 10. Bxc6 dxc6 11. Nc3 b4 12. Na4 Qd5 13. Nb6 Qd8 14. Nxc8 Qxc8 15.
Bf4 Bd8 16. Qg4 g6 17. Bg5 Bxg5 18. f4 Be7 19. c3 Nh6 20. Qf3 Qd7 21. cxb4 cxb4
22. Re2 Nf5 23. Rc1 Nd4 24. Qe3 Nf5 0-1

[Event "AUTO-INT-1657"]
[Site "http://www.queenalice.com/game.php?id=753976"]
[Date "2010.3.30"]
[Round "1"]
[White "kanibal"]
[Black "P_E_D_R_O"]
[Result "1-0"]
[WhiteElo "1475"]
[BlackElo "1441"]

1. d4 d5 2. e3 e6 3. Bd3 Nf6 4. Nf3 Bb4+ 5. Bd2 Bxd2+ 6. Qxd2 O-O 7. O-O Nh5 8.
h3 f5 9. Ne5 Bd7 10. Qe2 Nf6 11. c4 Nc6 12. cxd5 Nxd5 13. Bc4 Nxe5 14. Bxd5 c6
15. dxe5 exd5 16. Nc3 Qg5 17. f4 Be8 18. Rf3 Bh5 19. Rg3 Qxg3 20. Qxh5 Qxe3+ 21.
Kh2 1-0

[Event "AUTO-INT-1657"]
[Site "http://www.queenalice.com/game.php?id=753977"]
[Date "2010.3.30"]
[Round "1"]
[White "P_E_D_R_O"]
[Black "kanibal"]
[Result "0-1"]
[WhiteElo "1457"]
[BlackElo "1459"]

1. e4 d5 2. e5 f6 3. Nf3 Bg4 4. Be2 Bxf3 5. Bxf3 fxe5 6. d4 e4 7. Be2 e6 8. O-O
Nf6 9. Bg5 Be7 10. Bxf6 Bxf6 11. Nc3 O-O 12. f3 c6 13. fxe4 dxe4 14. Nxe4 Na6
15. c3 Qd5 16. Nxf6+ gxf6 17. Bh5 f5 18. Qd2 Kh8 19. Qg5 Rg8 20. Qf6+ Rg7 0-1

[Event "AUTO-INT-1657"]
[Site "http://www.queenalice.com/game.php?id=753982"]
[Date "2010.3.30"]
[Round "1"]
[White "CeaRaSC"]
[Black "P_E_D_R_O"]
[Result "1-0"]
[WhiteElo "1617"]
[BlackElo "1486"]

1. d4 d5 2. Bf4 Nc6 3. Nc3 e6 4. e4 Nge7 5. exd5 exd5 6. Nf3 g6 7. Bd3 Bg7 8.
Be5 Nxe5 9. dxe5 O-O 10. O-O f6 11. exf6 Rxf6 12. Ne5 d4 13. Ne4 Rf8 14. Ng4 1-0

[Event "AUTO-INT-1657"]
[Site "http://www.queenalice.com/game.php?id=753983"]
[Date "2010.3.30"]
[Round "1"]
[White "P_E_D_R_O"]
[Black "CeaRaSC"]
[Result "0-1"]
[WhiteElo "1498"]
[BlackElo "1605"]

1. e4 d5 2. exd5 Qxd5 3. Nc3 Qe5+ 4. Nge2 Bg4 5. f3 Be6 6. d4 Qd6 7. Bf4 Qc6 8.
Qd3 Nd7 9. d5 Bxd5 10. O-O-O O-O-O 11. Nxd5 f6 12. Bxc7 Re8 13. Qa3 e6 0-1